00762nam a2200193 a 450000100100000000500170001000800410002702000150006804000250008310000430010824500610015126000470021230000210025949000260028083000330030695201060033995201060044599900170055100002666520200930030336.0110324s1979 dr 000 0 spa d a8432203521 aDO-SdBNPbspacBNPHU1 aOnetti, Juan Carlos,d1909-199492387710aEl pozo para una tumba sin nombre /cJuan Carlos Onetti. aBarcelona :bEditorial Seix Barral,c1979. a146 p. ;c20 cm.1 aBiblioteca Brevev447 0aBiblioteca Brevev447913442 00107-18PDaGRbGRcOId2011-03-24iLF1l0o p26665-10r2020-06-25w2020-06-25yLFPDZNo se presta 00107-18PDaPDbPDcOId2011-03-24iLF1l0o p26666-10r2020-06-25w2020-06-25yLFPDZNo se presta c26157d26157